000 00540nam a22001817a 4500
999 _c10026
_d10026
003 AR-CdUCM
008 190329b ||||| |||| 00| 0 spa d
040 _aMUNICIPALIDAD PROVINCIAL DEL CUSCO
_cBIBLIOTECA MUNICIPAL DEL CUSCO
082 _aEP / 800 /
_bW16
_23ed.
100 _aWagner, Ricardo
_926632
245 _aEl anillo del nibelungo /
260 _aBuenos Aires ,
_bAtlanta,
_c1958.
300 _a121 páginas ;
_c17 cm.
440 _aBiblioteca Billiken
_9765
650 _aLiteratura.
_983
942 _2ddc
_cLIBROS
945 _awfj